<?xml version="1.0" encoding="UTF-8"?>
<record
    xmlns:xsi="http://www.w3.org/2001/XMLSchema-instance"
    xsi:schemaLocation="http://www.loc.gov/MARC21/slim http://www.loc.gov/standards/marcxml/schema/MARC21slim.xsd"
    xmlns="http://www.loc.gov/MARC21/slim">

  <leader>01218njm a22002777a 4500</leader>
  <controlfield tag="005">20100901115333.0</controlfield>
  <controlfield tag="006">a|||||r|||||00| 0 </controlfield>
  <controlfield tag="007">sd ammalaaahaa</controlfield>
  <controlfield tag="008">100901t        xxu||||| |||| 00| 0 eng d</controlfield>
  <datafield tag="028" ind1=" " ind2=" ">
    <subfield code="a">N 54301</subfield>
    <subfield code="b">His Master Voice</subfield>
  </datafield>
  <datafield tag="035" ind1=" " ind2=" ">
    <subfield code="a">GR-01205</subfield>
  </datafield>
  <datafield tag="040" ind1=" " ind2=" ">
    <subfield code="a">SED</subfield>
    <subfield code="c">SED</subfield>
  </datafield>
  <datafield tag="100" ind1=" " ind2=" ">
    <subfield code="a">Bhosle, Asha</subfield>
    <subfield code="9">17891</subfield>
  </datafield>
  <datafield tag="245" ind1=" " ind2=" ">
    <subfield code="a">Phir Wahi Dil Laya Hoon /</subfield>
    <subfield code="c">by Asha Bhosle [and] Mohd Rafi ; Music by O.P.Nayyar ; lyrices by Majrooh</subfield>
    <subfield code="h">[Sound recording]</subfield>
  </datafield>
  <datafield tag="246" ind1=" " ind2=" ">
    <subfield code="a">&#x92B;&#x93F;&#x930;  &#x935;&#x939;&#x940;  &#x926;&#x93F;&#x932;  &#x932;&#x93E;&#x92F;&#x93E;  &#x939;&#x942;&#x901;   / &#x906;&#x936;&#x93E;  &#x92D;&#x94B;&#x938;&#x932;&#x947; </subfield>
  </datafield>
  <datafield tag="260" ind1=" " ind2=" ">
    <subfield code="a">DUM DUM, India</subfield>
    <subfield code="b">His Master Voice</subfield>
  </datafield>
  <datafield tag="300" ind1=" " ind2=" ">
    <subfield code="a">1 Sound disc [Gramophone Recording] :</subfield>
    <subfield code="b">analog, 33 1/3 rpm</subfield>
    <subfield code="c">9.5 in. (MP)</subfield>
    <subfield code="f">Gramophone Record</subfield>
  </datafield>
  <datafield tag="500" ind1=" " ind2=" ">
    <subfield code="a">Brief record</subfield>
  </datafield>
  <datafield tag="505" ind1=" " ind2=" ">
    <subfield code="a">Side-1 &#x926;&#x947;&#x916;&#x94B; &#x92C;&#x93F;&#x91C;&#x932;&#x940;  &#x921;&#x94B;&#x932;&#x947;   (Dekho bijli  dole )  (Asha Bhosle)-- Side-2  &#x905;&#x91C;&#x940;  &#x915;&#x93C;&#x93F;&#x92C;&#x932;&#x93E; &#x92E;&#x94B;&#x939;&#x924;&#x930;&#x92E;&#x93E;  (Aji  kibla mohtrma) (Mohd Rafi)</subfield>
  </datafield>
  <datafield tag="650" ind1=" " ind2=" ">
    <subfield code="a">Classical music</subfield>
    <subfield code="x">Excerpts</subfield>
    <subfield code="z">India</subfield>
    <subfield code="9">17892</subfield>
  </datafield>
  <datafield tag="700" ind1=" " ind2=" ">
    <subfield code="a">Rafi, Mohd</subfield>
    <subfield code="9">18824</subfield>
  </datafield>
  <datafield tag="700" ind1=" " ind2=" ">
    <subfield code="a">Nayyar,  O.P.</subfield>
    <subfield code="9">18859</subfield>
  </datafield>
  <datafield tag="700" ind1=" " ind2=" ">
    <subfield code="a">Majrooh</subfield>
    <subfield code="9">18747</subfield>
  </datafield>
  <datafield tag="942" ind1=" " ind2=" ">
    <subfield code="2">ddc</subfield>
    <subfield code="c">GR</subfield>
  </datafield>
  <datafield tag="999" ind1=" " ind2=" ">
    <subfield code="c">44401</subfield>
    <subfield code="d">44401</subfield>
  </datafield>
  <datafield tag="952" ind1=" " ind2=" ">
    <subfield code="0">0</subfield>
    <subfield code="1">0</subfield>
    <subfield code="2">ddc</subfield>
    <subfield code="4">0</subfield>
    <subfield code="7">1</subfield>
    <subfield code="8">NFIC</subfield>
    <subfield code="a">L</subfield>
    <subfield code="b">L</subfield>
    <subfield code="d">2010-09-08</subfield>
    <subfield code="e">SED/VEN</subfield>
    <subfield code="l">0</subfield>
    <subfield code="p">GR-01205</subfield>
    <subfield code="r">2010-09-08 00:00:00</subfield>
    <subfield code="t">1</subfield>
    <subfield code="w">2010-09-08</subfield>
    <subfield code="y">GR</subfield>
  </datafield>
</record>
